| 000 | 00473nam a2200157 i 4500 | ||
|---|---|---|---|
| 001 | 41535 | ||
| 003 | ES-MaACL | ||
| 005 | 20230906160440.0 | ||
| 007 | t| | ||
| 008 | 030311s1973 sp ||||1| spa d | ||
| 245 | 0 | 0 | _aCasos prácticos de derecho del trabajo. |
| 260 |
_aMadrid : _bUniversidad de Madrid, Facultad de Derecho, _c1973. |
||
| 300 |
_a187 p. ; _c21 cm. |
||
| 710 | 2 |
_aUniversidad de Madrid. _bFacultad de Derecho. _97212 |
|
| 852 |
_aES-MaACL _jC-52476 _bR.85645 |
||
| 999 |
_c41535 _d41535 |
||